Stadt nach Stadtteil (Südwesten) - Statistiken

Allgemein
  • Dieses Quiz wurde 37 mal gespielt
  • Das Durchschnittsergebnis liegt bei 14 aus 30
Antwortstatistiken
Stadtteil Stadt % Korrekt
Bad Cannstatt Stuttgart
97%
Betzenberg Kaiserslautern
91%
Neckarau Mannheim
74%
Hoffenheim Sinsheim
74%
Niederrad Frankfurt
71%
Durlach Karlsruhe
71%
Bad Wilhelmshöhe Kassel
71%
Gonsenheim Mainz
65%
Rheingönheim Ludwigshafen
59%
Ehrenbreitstein Koblenz
56%
Wixhausen Darmstadt
53%
Handschuhsheim Heidelberg
53%
Oos Baden-Baden
47%
Neckargartach Heilbronn
47%
Dudweiler Saarbrücken
44%
Bad Münster am Stein Bad Kreuznach
41%
St. Georgen Freiburg
41%
Lützellinden Gießen
38%
Einöd (Saar) Homburg
35%
Neckarweihingen Ludwigsburg
32%
Kaiserlei Offenbach
32%
Hessental Schwäbisch Hall
32%
Petrisberg Trier
32%
Eselsberg Ulm
32%
Frauenstein Wiesbaden
32%
Pfiffligheim Worms
29%
Wollmatingen Konstanz
26%
Queichheim Landau
26%
Studentendorf WHO Tübingen
24%
Kluftern Friedrichshafen
21%
Keine übereinstimmenden Quizze gefunden
Verteilung der Resultate
Anzahl Personen mit jedem Resultat
Perzentil nach korrekt beantworteten Fragen
Ihre Resultats-Entwicklung
Sie haben dieses Quiz noch nicht gespielt